Donkeys and Goats in Literature Quiz Stats

Quiz not verified by Sporcle

Score 0/8 Timer 03:00
0 Plays Today
% Correct
Eeyore
97.8%
Nick Bottom
67.7%
Muriel and Benjamin
65.6%
Candlewick
53.8%
Djali
51.6%
Puzzle
50.5%
Little Swan and Little Bear
49.5%
Lady
40.9%

You're not logged in!

Compare scores with friends on all Sporcle quizzes.
Sign Up with Email
OR
Log In

You Might Also Like...

Show Comments

Extras

Top Quizzes Today


Score Distribution

Your Account Isn't Verified!

In order to create a playlist on Sporcle, you need to verify the email address you used during registration. Go to your Sporcle Settings to finish the process.

Report this User

Report this user for behavior that violates our Community Guidelines.

Details: